| 000 | 00625nam a2200181 a 4500 | ||
|---|---|---|---|
| 005 | 20140412111254.0 | ||
| 008 | 010328s19uu xx 00 eng d | ||
| 020 | _a0-205-16021-2 | ||
| 050 |
_aTR(GS 372.7 _bM318 1996 |
||
| 100 | _aMartinez, Joseph G. R. | ||
| 245 |
_aMath without fear : _ba guide for preventing math anxiety in children / _cJoseph G. R. Martinez with Nancy C. Martinez. |
||
| 260 |
_aMassachusettes : _bAllyn and Bacon, _c1996. |
||
| 300 | _a167 p. | ||
| 500 | _aIncludes bibliographical references and index. | ||
| 650 | _aMath anxiety | ||
| 650 | _aMathematics - study and teaching | ||
| 999 |
_c103204 _d103204 |
||